000 00662nam a2200217Ii 4500
003 JO-AjNU
008 230605s9999||||xx |||||||||||||| ||und||
017 _a2002/3/665
040 _aJO-AjNU
_bara
_erda
_cJO-AjNU
041 _aara
050 1 4 _aQP34.5.S234 2003
100 3 _aالصفدي ، عصام حمدي,
_eauthor
_913713
245 0 0 _aفسيولوجيا جسم الانسان
250 _aط1
264 3 1 _aعمان:دار اليازوري ، 2003
300 _a216ص
336 _atext
_btxt
_2rdacontent
337 _aunmediated
_bn
_2rdamedia
338 _avolume
_bnc
_2rdacarrier
650 4 _aجسم الانسان - فسيولوجيا
_913714
999 _aA3485
_c7053
_d7053